000 00369nam a22001457a 4500
999 _c522786
_d522786
005 20190121132743.0
008 190121b ||||| |||| 00| 0 eng d
040 _cDLC
082 _a624
_bNIT
100 _aNitsure, S.P.
_913097
245 _aBasic Civil Engineering /
_cS.P. Nitsure
260 _aPune
_b?
_c2003
300 _avarious pages.
_c25cm.
942 _2ddc
_cBK